000 00890nam a2200277Ia 4500
003 GCL
005 20240530095314.0
008 140319s9999 xx 000 0 ara d
020 _a3102294977
040 _aGCL /
_cGCL
082 0 4 _a709.1
_bق/ع ف
100 1 _aعبدالعزيز صلاح سالم
245 1 0 _aالفنون الاسلامية فى العصر الايوبى /
_cعبدالعزيز صلاح سالم
250 _aالاولى
260 _aالقاهرة :
_bمركز الكتاب للنشر ،
_c1999
300 _a382 ص ؛
_c24 سم
650 0 4 _aالزخرفة
650 0 4 _aنحت الخشب
650 0 4 _aالتحف
650 0 4 _aالخزف الاسلامى
650 0 4 _aالفن الاسلامى
650 0 4 _aالمعادن - زخرفة
650 0 4 _aالزخارف النباتية
650 0 4 _aالنحت الزخرفى
942 _2ddc
_cBK
999 _c5988
_d5988